Quizzes
Events
Quiz Creation
Community
Videos
Private Events
Remove Ads
Sign In
Join for FREE
Feedback
Dark Mode
Quiz Categories
Sports
Geography
Music
Movies
Television
Just For Fun
Miscellaneous
History
Literature
Language
Science
Gaming
Entertainment
Religion
Holiday
For Kids
Quiz Lab
Recent
Popular Today
Quiz Kudos Today
Editor Picks
Curator Picks
Quizzes by...
Day
Popularity
Type
Ratings
Length
Year
Community
Subscriptions
Recent Discussions
Orange Saloon
Badges
Playlists
Quests
Create
Leaderboards
Showdown
Live 5
Trivia Bingo
Activity
Puzzle Library
Sporcle Events
Private Events
Virtual Trivia
Globe League
Become a Host
Pub Owners
SporcleCon
Opinionation
Our Games
Videos
Blog
Mobile Apps
Partnerships
Remove Ads and Go Orange
Feedback
Miscellaneous
Crossword
General Knowledge
Baby Names
Logo
Food
Cars
Numbers
Grab Bag
University
College
Popular
Company
Slogans
Restaurants
Justice
Letter
Miscellaneous
Crossword
General Knowledge
Baby Names
Logo
Food
Cars
Numbers
Grab Bag
University
College
Popular
Company
Slogans
Restaurants
Justice
Letter
Random Quiz
Search Sporcle
×
Featured
Featured
Miscellaneous
Letter
Type in answers that appear in a list
Type in answers that appear in a list
Classic
Best Score? Go Orange.
Two by Six Stats
Can you name the things consisting of two 6-letter words?
By
ghcgh
5m
30 Questions
12.6K Plays
12,626 Plays
12,626 Plays
Comments
Comments
Give Quiz Kudos
Give Quiz Kudos
-
- Ratings
hide this ad
Random Order
Randomize order of answers
Randomize order of answers
Replay
Link that replays current quiz
Next Quiz
Link to next quiz in quiz playlist
You Got
0%
They Got
Avg Score
56%
Avg Friend Score
Upgrade to see
Score Distribution
Jump to the score distribution portion of the page
Score
0/30
Timer
05:00
0
Plays Today
Hint
Answer
% Correct
Serena Williams's occupation
Tennis player
90%
Main ingredient in a PB & J sandwich
Peanut butter
89.7%
Education TV show featuring Ernie, Bert & Elmo
Sesame Street
88.8%
Place also called America
United States
82.9%
Spy movie character played by Mike Myers
Austin Powers
78%
ABC sitcom with Sofia Vergara & Ed O’Neill
Modern Family
76.8%
It protects the human body from diseases
Immune system
73.7%
'Friends' character played by Courteney Cox
Monica Geller
71%
The 40th president of the U.S.A.
Ronald Reagan
69%
Location of the Parthenon
Athens, Greece
66.5%
Coffeehouse that 'America runs on...'
Dunkin' Donuts
63.8%
Buddy cop film with Mel Gibson and Danny Glover
Lethal Weapon
62.4%
The time of year Elmer Fudd hunts Bugs Bunny
Rabbit Season
61.3%
2005 superhero film starring Christian Bale
Batman Begins
61%
'Superstition' R&B singer
Stevie Wonder
60.8%
Hint
Answer
% Correct
A former Roman consul or William Shakespeare play
Julius Caesar
55.8%
Actor who played vampire hunter Blade in film
Wesley Snipes
52.9%
'Thank u, next' & ‘7 Rings’ pop singer
Ariana Grande
52.3%
Actress who played Harley Quinn and Tonya Harding
Margot Robbie
51.8%
Family sitcom starring Tia and Tamera Mowry
Sister, Sister
51.6%
'Baby' & 'What Do You Mean?' singer
Justin Bieber
50.2%
Information on the periodic table
Atomic weight
43.5%
Sheryl Crow and Carly Simon fought this disease
Breast cancer
41.1%
Grammy winning singer who’s a ‘bad guy’
Billie Eilish
39%
Video game series with the character Sub-
Zero
Mortal Kombat
38.4%
'No Country for Old Men' actor
Javier Bardem
33.7%
Nursery rhyme or #1 hit by Fergie
London Bridge
28.4%
Polynesian island also known as Rapa Nui
Easter Island
26.8%
Writ meaning a person can be brought to court
Habeas corpus
25.1%
Plastic poseable doll marketed to young boys
Action figure
23.6%
Quiz Playlist
Details
Report
Send in Message
Add To Playlist
Classic:
Type in answers that appear in a list
Random Order:
Randomize order of answers
Last Updated: Jun 4, 2020
Featured
Curator Pick in
General Knowledge
Quiz Scoreboard
CHALLENGE
Sign Up to Join the Scoreboard
Show All
Scores
Hide
Comments
May contain spoilers
Recently Published
An Introduction to Baseball
by treessimontrees
Sports
5m
Movies - When Are They Set?
by FPL_Elf
Movies
5m
Popular People in 1961
by mucciniale
History
6m
More to Explore
Quiz From the Vault
Featured Blog Post
Where Did the Easter Bunny Come From?
hide this ad
You Might Also Like...
Tags
General Knowledge Quiz
Letter Quiz
2-word
6-letter
hint
length
Today's Top Quizzes in Miscellaneous
Browse Miscellaneous
hide this ad
Today's Top Quizzes in Letter
Browse Letter
Top Contributed Quizzes in Miscellaneous
1
5-to-1: Fast Food
2
The JOE quick-fire general knowledge quiz: Day 173
3
The JOE quick-fire general knowledge quiz: Day 172
4
Sunday Crossword: Famous Bodies of Water
5
The JOE quick-fire general knowledge quiz: Day 171
6
One Thing in Common: United Kingdom II
7
Named After an Animal - Odd One Out!
8
The JOE quick-fire quiz: Day 170
9
sort kpop groups by number of members
10
Sunday Crossword: Themeless #5
Explore More
Trending Topics
Crossword
Anime
NBA
Marvel
Harry Potter
Disney
Kpop
Country
The Office
Puzzle
NFL
Song
WWE
Soccer
Pokémon
hide this ad
More By:
ghcgh
Quiz
Plays
Rating
Category
Featured
Created
1990s Song Title Beginnings
155,652
4.58
Music
Aug 31, 2017
3 Movies, 1 Missing Word III
148,792
4.54
Movies
Mar 6, 2016
3 Movies, 1 Missing Word II
147,912
4.51
Movies
Dec 18, 2015
1980s Song Title Beginnings
139,843
4.68
Music
May 21, 2017
3 Songs, 1 Missing Word II
118,483
4.63
Music
Nov 4, 2015
Go to Creator's Profile
Score Distribution
Quiz Creator Spotlight
ghcgh
Follow
Send a Message
Quizzes Created
-
Created Quiz Play Count
-
More By This Creator
Popular Quizzes Today
1
Find the Countries of Europe - No Outlines Minefield
2
Find the US States - No Outlines Minefield
3
The Countries of the World
4
Popular People in 1961
5
US States
6
1-10 Letter E Words III
7
Find the US States
8
One Thing in Common: World Cities II
More Miscellaneous Quizzes
Which of the Two... Products
Published
Trending Quizzes
Risky Map Clicking: Least Populous States A-Z
1-10 Letter F Words
1-10 Letter G Words
One Thing in Common: United Kingdom
Risky Map Clicking: Next State Alphabetically
Recently Updated
Leaping Animals
pecheneg
Reality TV Shows (A-Z)
bhenderson79
Rickey Henderson's Hall of Fame Teammates
pecheneg
Champions League XIs: Arsenal
pecheneg
Quick Pick: Celebrities in WWE's Hall of Fame
aduchscher
A-Z Keypad Blitz II
pecheneg
Multiple Oscar Actors
pecheneg
Mystery Phrase Blitz: Oscar 'Best Actors'
pecheneg
F. Scott Fitzgerald Novels
LTH
Pick 3 Villains
ddd62291
Trending Topics
Anime
Marvel
Harry Potter
Disney
NBA
Kpop
Crossword
Soccer
Country
The Office
Puzzle
Pokémon
Song
NFL
WWE
Your Account Isn't Verified!
In order to create a playlist on Sporcle, you need to verify the email address you used during registration. Go to your
Sporcle Settings
to finish the process.
Report this User
Report this user for behavior that violates our
Community Guidelines
.
Details:
Send Report
Go to the Sporcle.com Mobile Site →
Comments